Detalles MARC
| 000 -LEADER |
| campo de control de longitud fija |
01915nacaa2200409 i 4500 |
| 001 - NÚMERO DE CONTROL |
| campo de control |
MOR01000107732 |
| 005 - FECHA Y HORA DE LA ÚLTIMA TRANSACCIÓN |
| campo de control |
20260331231015.0 |
| 008 - DATOS DE LONGITUD FIJA--INFORMACIÓN GENERAL |
| campo de control de longitud fija |
190225s1846 tbm g 000 spa d |
| 035 ## - NÚMERO DE CONTROL DEL SISTEMA |
| Número de control de sistema |
190622 |
| 040 ## - FUENTE DE CATALOGACIÓN |
| Centro catalogador/agencia de origen |
mxcmmo |
| Lengua de catalogación |
spa |
| Normas de descripción |
rda |
| Centro/agencia transcriptor |
mxcmmo |
| 041 0# - CÓDIGO DE IDIOMA |
| Código de lengua del texto/banda sonora o título independiente |
spa |
| 090 ## - LOCALMENTE ASIGNADO TIPO-LC NÚMERO DE CLASIFICACIÓN (OCLC); NÚMERO DE CLASIFICACIÓN LOCAL (RLIN) |
| Número de clasificación (OCLC) (R) ; Numero de clasificación, CALL (RLIN) (NR) |
CARR/3/43 |
| 245 00 - MENCIÓN DEL TÍTULO |
| Título |
Acta de la Guarnición de Tabasco |
| 264 #1 - PRODUCCIÓN, PUBLICACIÓN, DISTRIBUCIÓN, FABRICACIÓN Y COPYRIGHT |
| Producción, publicación, distribución, fabricación y copyright |
Tabasco: |
| Nombre del de productor, editor, distribuidor, fabricante |
Impreso por José M. Flores, |
| Fecha de producción, publicación, distribución, fabricación o copyright |
1846 |
| 300 ## - DESCRIPCIÓN FÍSICA |
| Extensión |
1 foja con texto en anverso |
| 336 ## - TIPO DE CONTENIDO |
| Término de tipo de contenido |
texto |
| Código de tipo de contenido |
txt |
| Fuente |
rdacontent |
| 337 ## - TIPO DE MEDIO |
| Nombre/término del tipo de medio |
sin medio |
| Código del tipo de medio |
n |
| Fuente |
rdamedia |
| 338 ## - TIPO DE SOPORTE |
| Nombre/término del tipo de soporte |
volumen |
| Código del tipo de soporte |
nc |
| Fuente |
rdacarrier |
| 340 ## - MEDIO FÍSICO |
| Base y configuración del material |
Original, escrito a tinta sepia |
| 490 0# - MENCIÓN DE SERIE |
| Mención de serie |
Colección Alberto María Carreño. Expediente 3 |
| Designación de volumen o secuencia |
43 |
| 500 ## - NOTA GENERAL |
| Nota general |
Buen estado |
| 500 ## - NOTA GENERAL |
| Nota general |
Disponible en BIBLIOTECA DIGITAL |
| 500 ## - NOTA GENERAL |
| Nota general |
Fecha del documento: 12 de agosto de 1846 |
| 500 ## - NOTA GENERAL |
| Nota general |
Nombres que aparecen en el documento: Antonio López de Santa Anna--Juan Bautista Traconis--Manuel O'Horán--Manuel de Lara Bonifaz--Nemesio Gómez--Alejandro García--Francisco Elizalde--Simón Sarlat--Juan Portilla--Francisco Riqueiro--Joaquín Ramírez y Sesma Ramón Arzamendi ... [y otros] |
| 500 ## - NOTA GENERAL |
| Nota general |
Tipo de documento: Acta. Impreso |
| 520 4# - RESUMEN, ETC. |
| Sumario, etc. |
La Guarnición de Tabasco desconoce la convocatoria expedida el 27 de enero de 1846 en la que trata de establecer a la monarquía con un príncipe extranjero que la gobierne. |
| 651 #7 - PUNTO DE ACCESO ADICIONAL DE MATERIA--NOMBRE GEOGRÁFICO |
| Nombre geográfico |
México |
| Subdivisión general |
Historia |
| Subdivisión cronológica |
Invasión norteamericana, 1846-1848 |
| 9 (RLIN) |
1750 |
| 651 #7 - PUNTO DE ACCESO ADICIONAL DE MATERIA--NOMBRE GEOGRÁFICO |
| Nombre geográfico |
México |
| Subdivisión general |
Política y gobierno |
| Subdivisión cronológica |
1846-1848 |
| 9 (RLIN) |
34577 |
| 700 1# - ENTRADA AGREGADA--NOMBRE PERSONAL |
| Nombre de persona |
Bautista Traconis, Juan |
| 9 (RLIN) |
192877 |
| 700 1# - ENTRADA AGREGADA--NOMBRE PERSONAL |
| Nombre de persona |
López de Santa Anna, Antonio |
| Títulos y otros términos asociados al nombre |
pres. de México |
| Fechas asociadas al nombre |
1794-1876 |
| 9 (RLIN) |
421 |
| 856 ## - LOCALIZACIÓN Y ACCESO ELECTRÓNICOS |
| Identificador Uniforme de Recurso |
<a href="https://mora.koha.es/odigital/compressed_Exp3doc43_000156296.pdf">https://mora.koha.es/odigital/compressed_Exp3doc43_000156296.pdf</a> |
| Nota pública |
Acceso PDF |
| 900 ## - ELEMENTOS DE DATOS A LOCAL, LDA (RLIN) |
| Nombre de persona |
CATY |
| Numeración |
30 |
| Títulos y otros términos asociados al nombre |
20190326 |
| Lenguaje de la obra |
MOR01 |
| -- |
0955 |
| 900 ## - ELEMENTOS DE DATOS A LOCAL, LDA (RLIN) |
| Nombre de persona |
CATY |
| Numeración |
Verónica Silva |
| Títulos y otros términos asociados al nombre |
20190326 |
| Lenguaje de la obra |
MOR01 |
| -- |
0952 |
| 900 ## - ELEMENTOS DE DATOS A LOCAL, LDA (RLIN) |
| Nombre de persona |
MARC21 |
| Numeración |
40 |
| Títulos y otros términos asociados al nombre |
20190409 |
| Lenguaje de la obra |
MOR01 |
| -- |
1252 |
| 904 ## - ELEMENTOS DE DATOS D LOCAL, LDD (RLIN) |
| a |
UPDATE |
| 942 ## - ELEMENTOS DE ENTRADA SECUNDARIOS (KOHA) |
| Código de la institución [OBSOLETO] |
BK |
| 901 ## - ELEMENTOS DE DATOS A LOCAL LDA (RLIN) |
| a |
batch batch |